| 000 | 00387nam a2200145 i 4500 | ||
|---|---|---|---|
| 001 | 93606 | ||
| 003 | ES-MaACL | ||
| 007 | t| | ||
| 008 | 050414s1922 fr ||||1| fre d | ||
| 100 | 1 |
_aLópez, Fernand. _973327 |
|
| 245 | 1 | 0 |
_aAtlas del'ingenieur electricien / _cpar Fernand López. |
| 260 |
_aParis : _bF. Gautier, _c1922. |
||
| 300 |
_a315 p. ; _c27 cm. |
||
| 852 |
_aES-MaACL _jB-3866 |
||
| 999 |
_c93606 _d93606 |
||